| 000 | 00840cam a22002053a 4500 | ||
|---|---|---|---|
| 001 | 44528 | ||
| 003 | PGUSA | ||
| 005 | 20140828084021.0 | ||
| 008 | 131227s2013||||xxu|||||s|||||000 | eng d | ||
| 040 |
_aPGUSA _beng |
||
| 042 | _adc | ||
| 100 | 1 | _aLee, William M. | |
| 245 | 1 | 0 |
_aDer Selbstarzt bei äußeren Verletzungen und Entzündungen aller Art. : _bDas Geheimniß, durch Franzbranntwein und Salz alle Verwundungen, Lähmungen, offene Wunden, Brand, Krebsschäden, Zahnweh, Kolik, Rose, sowie überhaupt alle äußern und innern Entzündungen ohne Hülfe des Arztes zu heilen. _h[electronic resource] / _cWilliam M. Lee |
| 260 |
_bProject Gutenberg, _c2013 |
||
| 506 | _aPublic domain in the USA. | ||
| 516 | _aElectronic text | ||
| 830 | 0 |
_aProject Gutenberg _v44528 |
|
| 856 | 4 | 0 | _uhttp://www.gutenberg.org/ebooks/44528 |
| 942 | _cEB | ||
| 999 |
_c273779 _d273779 |
||